Carregant...
Conversations on modernism: with reference to English, Hindi and Urdu fiction
| Autor principal: | |
|---|---|
| Format: | Printed Book |
| Publicat: |
Shimla, Indian Institute of Advanced Study
1990
|
| Matèries: |
| LEADER | 005610000a22001690004500 | ||
|---|---|---|---|
| 020 | |a 81-7023-292-2 | ||
| 082 | |a 891.4 N02 | ||
| 100 | |a Sukrita Paul Kumar | ||
| 245 | |a Conversations on modernism: with reference to English, Hindi and Urdu fiction | ||
| 260 | |a Shimla, Indian Institute of Advanced Study | ||
| 260 | |c 1990 | ||
| 465 | |a R 120 | ||
| 650 | |a Indic literature | ||
| 650 | |a Modernism | ||
| 942 | |c BK | ||
| 999 | |c 8858 |d 8858 | ||
| 952 | |0 0 |1 0 |4 0 |6 891_400000000000000_N02 |7 0 |8 ENG |9 8652 |a MGUL |b MGUL |d 2013-07-16 |e R 120 |l 0 |o 891.4 N02 |p 12064 |r 2019-03-26 |w 2013-07-16 |y BK | ||